000 00712nam a22002657a 4500
001 BR9804094
003 BR-BrBNA
005 20230928100055.0
007 ta
008 230509b bl.||||| |||| 00| 0 por d
040 _aBR-BrBNA
_bpor
_cBiblioteca Nacional de Agricultura
041 _a(Por)
072 _aE80
_b9230
090 _ 9230 BR9804094
100 1 _aGuarienti, E.M.
110 1 _aCentro Nacional de Pesquisa de Trigo, Passo Fundo, RS (Brasil)
245 1 _aCurso de panificacao domestica
260 3 _aPasso Fundo, RS (Brasil):
_c1998.
300 _a28 p.
650 _aPao
650 _aCulinaria
650 _aEconomia Domestica
909 _a202309
_bLucia
_c55
_dLucia Elande
942 _cBK
999 _c60194
_d60194